Estadísticas para Prueba De Las Mayores Marcas Españolas

Haz click aquí para intentar la prueba.

Estadísticas generales

  • Esta prueba ha sido intentada 58 veces
  • La puntuación promedio es 15 de 20

Estadísticas de respuestas

HintRespuesta% Correcto
Cambiando de tema, ¿Cuál es la mayor cadena de supermercados de España?Mercadona
94%
¿Crees que has obtenido una buena puntuación en este test?
92%
¿Es el hombre más rico de España?
92%
¿Con diferencia?
92%
¿Cuál es el dueño de esa empresa?Amancio Ortega
88%
Última pregunta; ¿Hay más bazares chinos o bares?Bares/Hostelería
88%
¿Quién es más grande en España, Burger King o McDonald's?Burger King
88%
¿Qué vende más? ¿PlayStation 5 o XBOX Series?PlayStation 5
86%
¿Y la mayor cadena de centros comerciales / grandes almacenes?El Corte Inglés
84%
¿Y su marca de supermercados? (No de proximidad, de estos hay pocos)Supermercados El Corte Inglés
84%
¿Cuál es la mayor empresa de España?Inditex
82%
¿Y la mayor tienda de videojuegos?Game
75%
¿Su marca de hipermercados?Hipercor
71%
¿Y la mayor marca de coches española? Pista; Es Del Grupo VolkswagenSEAT
67%
¿Y por número de establecimientos?Supermercados Dia
59%
¿Y la tercera? Pista; de origen lituanoVinted
59%
¿Y la segunda?Wallapop
57%
¿Sus supermercados de proximidad?Supercor
51%
Fuera de esta empresa, ¿Mayor tienda online de segunda mano?Milanuncios
33%
¿Cuáles son las principales marcas de esa empresa? ¿La de ropa?Sfera
14%

Distribución de puntuación

Porcentaje por número respondido

Porcentaje de gente con cada puntuación

Historial de tus puntuaciones

No has intentado esta prueba.